[Event "South America-ch 1st"]
[Site "Lima"]
[Date "2023.09.19"]
[Round "6"]
[White "Reynoso, Jorge"]
[Black "Alvarado Zamora, Albert"]
[Result "0-1"]
[WhiteElo "1425"]
[BlackElo "2009"]
[PlyCount "76"]
[EventDate "2023.09.14"]
[EventType "swiss"]
[EventRounds "9"]
[EventCountry "PER"]
[SourceTitle "EXT 2024"]
[Source "ChessBase"]
[SourceDate "2023.10.10"]
[SourceVersion "1"]
[SourceVersionDate "2023.10.10"]
[SourceQuality "1"]

1. d4 g6 2. e4 Bg7 3. Nf3 a6 4. Nc3 d6 5. Bc4 b5 6. Bd3 c5 7. Be3 cxd4 8. Nxd4 Nf6 9. h3 Bb7 10. a3 Nbd7 11. 0-0 Nc5 12. Rc1 Nfxe4 13. Nxe4 Nxe4 14. c3 0-0 15. a4 bxa4 16. Qxa4 Nc5 17. Qc2 Qc7 18. Be2 Be4 19. Qd1 e5 20. Nb3 Na4 21. Qd2 Rfb8 22. Bd1 a5 23. f3 Bf5 24. Ra1 Nb6 25. Be2 a4 26. Nc1 Nc4 27. Bxc4 Qxc4 28. Rd1 Ra6 29. Nd3 Qxd3 30. Qxd3 Bxd3 31. Rxd3 Rxb2 32. c4 Rc2 33. Rad1 Bf8 34. c5 dxc5 35. Rd8 Kg7 36. R8d5 a3 37. Ra1 a2 38. Rxe5 Rb2 0-1

[Event "Nizami Ganjavi 880 years U17"]
[Site "Tornelo INT"]
[Date "2021.04.03"]
[Round "6.6"]
[White "Alvarado Zamora, Albert"]
[Black "Concio, Michael Jr"]
[Result "0-1"]
[WhiteElo "1850"]
[BlackElo "2297"]
[PlyCount "74"]
[EventDate "2021.04.02"]
[EventType "team-swiss (blitz)"]
[EventRounds "9"]
[EventCountry "AZE"]
[SourceTitle "EXT 2023"]
[Source "ChessBase"]
[SourceDate "2022.10.05"]
[SourceVersion "1"]
[SourceVersionDate "2022.10.05"]
[SourceQuality "1"]
[WhiteTeam "Peru"]
[BlackTeam "Philippines"]
[WhiteTeamCountry "PER"]
[BlackTeamCountry "PHI"]

1. d4 Nf6 2. Bg5 c5 3. d5 d6 4. Nc3 a6 5. a4 h6 6. Bxf6 gxf6 7. e4 f5 8. Bd3 fxe4 9. Bxe4 Bg7 10. Nge2 Nd7 11. Ng3 Qb6 12. Qc1 h5 13. Nf5 Be5 14. 0-0 Nf6 15. a5 Qc7 16. Ng3 h4 17. Nge2 Nxe4 18. Nxe4 Bf5 19. Nd2 0-0-0 20. Nc4 Rdg8 21. Nxe5 dxe5 22. Qe3 Qd6 23. Nc3 Qg6 24. g3 Qh5 25. Qe2 hxg3 26. fxg3 Rxg3+ 27. hxg3 Qh1+ 28. Kf2 Rh2+ 29. Ke3 Rxe2+ 30. Kxe2 Bg4+ 31. Kd3 Qh7+ 32. Kc4 Qxc2 33. Rxf7 Qxb2 34. Rf8+ Kd7 35. Re1 Qb4+ 36. Kd3 c4+ 37. Ke4 Qxc3 0-1

[Event "Chiclayo Fischer Memorial 1st"]
[Site "Chiclayo"]
[Date "2019.03.31"]
[Round "5.2"]
[White "Quispe Santacruz, Javier"]
[Black "Alvarado Zamora, Albert"]
[Result "1-0"]
[WhiteElo "1855"]
[BlackElo "1860"]
[PlyCount "50"]
[EventDate "2019.03.30"]
[EventType "swiss"]
[EventRounds "6"]
[EventCountry "PER"]
[SourceTitle "EXT 2024"]
[Source "ChessBase"]
[SourceDate "2023.10.10"]
[SourceVersion "1"]
[SourceVersionDate "2023.10.10"]
[SourceQuality "1"]

1. d3 d5 2. g3 Bg4 3. h3 Bf5 4. Bg2 Nf6 5. Nd2 Nc6 6. a3 e5 7. c4 dxc4 8. Nxc4 Bc5 9. Qa4 0-0 10. Bxc6 bxc6 11. Qxc6 Qe7 12. Be3 Bb6 13. g4 Bd7 14. Qg2 Bxe3 15. fxe3 Bb5 16. Rc1 Rab8 17. b4 Rfd8 18. Na5 Nd5 19. Qe4 Qh4+ 20. Kf1 Qh6 21. Kf2 Nf6 22. Qg2 Bxd3 23. exd3 Rxd3 24. Nc4 Rbd8 25. Ne2 Qh4+ 1-0

[Event "Chiclayo Fischer Memorial 1st"]
[Site "Chiclayo"]
[Date "2019.03.30"]
[Round "3.2"]
[White "Alvarado Zamora, Albert"]
[Black "Sosa Llontop, Cesar Augusto"]
[Result "1-0"]
[WhiteElo "1860"]
[BlackElo "1686"]
[PlyCount "44"]
[EventDate "2019.03.30"]
[EventType "swiss"]
[EventRounds "6"]
[EventCountry "PER"]
[SourceTitle "EXT 2024"]
[Source "ChessBase"]
[SourceDate "2023.10.10"]
[SourceVersion "1"]
[SourceVersionDate "2023.10.10"]
[SourceQuality "1"]

1. d4 d5 2. Nf3 Nf6 3. e3 g6 4. c4 e6 5. Nc3 Bg7 6. Be2 c6 7. 0-0 0-0 8. b4 Nbd7 9. a4 Ne4 10. Nxe4 dxe4 11. Nd2 f5 12. Rb1 Nf6 13. b5 Bd7 14. f3 Qc7 15. Bb2 Rad8 16. Qb3 Kh8 17. Rfe1 exf3 18. Bxf3 g5 19. b6 axb6 20. Ba3 Rf7 21. Qxb6 Qxb6 22. Rxb6 Bc8 1-0